| 000 | 00385nam a2200145 a 4500 | ||
|---|---|---|---|
| 001 | 4300 | ||
| 003 | CDMR | ||
| 005 | 20130521165408.0 | ||
| 008 | 130130s1968||||||||||||||||||||||||||||d | ||
| 040 |
_aCDMR _bcat _cCDMR |
||
| 245 | 0 | _aDeclaración Universal de los Derechos Humanos | |
| 260 |
_aBarcelona _c1968 _bIlustre Colegio de Abogados |
||
| 650 | 0 | 4 |
_93195 _aDrets humans |
| 942 |
_cMON _2udc |
||
| 999 |
_c4300 _d4300 |
||